Datos y azar: para futuros profesores de Educación Básica
Gardado en:
| Main Authors: | , , |
|---|---|
| Formato: | Libro |
| Idioma: | Lingua castelá |
| Publicado: |
Santiago
Ediciones SM Chile S. A
2013
|
| Edición: | 1a. ed |
| Series: | REFIP Matemática
|
| Subjects: | |
| Tags: |
Engadir etiqueta
Sen Etiquetas, Sexa o primeiro en etiquetar este rexistro!
|
MARC
| LEADER | 00000cam a2200000 a 4500 | ||
|---|---|---|---|
| 001 | UCE9568 | ||
| 003 | CL-VaPUC | ||
| 008 | 151029e20130000cl |||||||||||||||||spa|d | ||
| 020 | |a 9789563496178 | ||
| 082 | 0 | 4 | |a 372.7044 |b ARA |2 21 |
| 100 | 0 | |a Araneda, Ana María |e author |9 582440 | |
| 700 | 0 | |a Chandía, Eugenio |e author |9 582441 | |
| 700 | 0 | |a Sorto, María Alejandra |e author |9 582442 | |
| 245 | 1 | 0 | |a Datos y azar: para futuros profesores de Educación Básica |
| 250 | |a 1a. ed | ||
| 300 | |a 271 p | ||
| 942 | |c BK | ||
| 945 | |d 20151029 22:28:00 |a dcastane | ||
| 260 | |a Santiago |b Ediciones SM Chile S. A |c 2013 | ||
| 650 | 0 | |a Matemática |9 260235 | |
| 650 | 0 | |a Matemáticas |x Enseñanza |9 875527 | |
| 650 | 0 | |a Formación profesional de profesores |9 307493 | |
| 583 | |a last modification |c 20151029 22:28:00 |k Rodrigo Vera | ||
| 490 | 0 | |a REFIP Matemática | |
| 999 | |c 361232 |d 361230 | ||
| 952 | |0 0 |1 0 |3 erb |4 0 |6 372_704400000000000_ARA_2013 |7 0 |8 A |9 471628 |a BIBEDU |b BIBEDU |i 5245214 |o 372.7044 ARA 2013 |p 5245214 |r 2019-11-24 |w 2019-11-24 |y BK |z Catalogado en:20151029 |k EPE | ||
| 952 | |0 0 |1 0 |3 erb |4 0 |6 372_704400000000000_ARA_2013 |7 0 |8 A |9 471629 |a BIBEDU |b BIBEDU |i 5245222 |o 372.7044 ARA 2013 |p 5245222 |r 2019-11-24 |w 2019-11-24 |y BK |z Catalogado en:20151029 |k EPE | ||